| 000 | 00745nam a2200241Ia 4500 | ||
|---|---|---|---|
| 008 | 200601s9999 xx 000 0 und d | ||
| 020 | _a978-1-98462-062-0 | ||
| 050 | _aComSc QA 76.64 | ||
| 050 | _b.C67 2019 | ||
| 245 | 0 | _aCore concepts in computer science : | |
| 245 | 0 | _bobject oriented programming / | |
| 245 | 0 | _cauthored and edited by 3G E-learning. | |
| 260 | _aNew York : | ||
| 260 | _b3G E-learning, | ||
| 260 | _c2019 | ||
| 300 | _a319 pages : | ||
| 300 | _billustrations (some color) ; | ||
| 300 | _c23 cm. | ||
| 300 | _e+ 1 videodisc (DVD : sd., col. ; 4 3/4 in.) | ||
| 440 | _a3G E-learning | ||
| 500 | _aIncludes bibliographical references and index. | ||
| 650 | _aObject-oriented programming (Computer science). | ||
| 999 |
_c363150 _d363150 |
||